000 00732nam a2200253 a 4500
008
020 _a0333626613 (pbk)
049 _aMAIN
090 _aHG1811
_bGOO
100 1 _aGoodhart, C.A.E.
245 1 4 _aThe central bank and the financial system /
_cC.A.E.Goodhart.
260 _aBasingstoke :
_bMacmillan,
_c1995.
300 _axiv, 528 p. :
_bill. ;
_c24 cm.
504 _aIncludes bibliographical references.
500 _aIncludes index.
650 0 _aBanks and banking, Central.
650 0 _aFinance.
650 0 _aMonetary policy.
907 _a.b10059982
_b16-08-11
_c17-04-03
003
005 20230123133500.0
040 _cNUST
942 _cBOOKS
_kHG1811
_mGOO
999 _c149355
_d149355